| 000 | 00993nam a2200313 i 4500 | ||
|---|---|---|---|
| 003 | EG-GICUC | ||
| 005 | 20260506093652.0 | ||
| 008 | 260506s1953 it ||||fr|||| 00| 0 ita d | ||
| 040 |
_aEG-GiCUC _bita _cEG-GiCUC _dEG-GiCUC _eRda |
||
| 041 | 0 | _aita | |
| 082 | 0 | 4 |
_221 _a343.72 _bSA . E |
| 092 | 0 | 4 | _221 |
| 099 | _aLaw1 10 343.72 SA . E 2 ed - 1953 | ||
| 100 | 1 |
_aSantoro, Arturo _eAuthor. |
|
| 245 | 1 | 2 |
_a L’esecuzione penale / _cby Arturo Santoro |
| 250 | _aSeconda edizione rinnovata | ||
| 264 | 3 |
_aTorino : _bUnione Tipografico-Editrice Torinese, _c1953. |
|
| 300 |
_a455 page ; _c 24 cm. |
||
| 336 |
_2rda contenu _a texte |
||
| 337 |
_2rda medias _aOrdinateur |
||
| 338 |
_2 transporteur rda _a Ressource en ligne |
||
| 504 | _aComprend des references bibliographiques. | ||
| 546 | _a Text in Italian | ||
| 650 | 1 |
_aCriminal Law _2qrmak |
|
| 651 | 1 | _2qrmak | |
| 856 | 4 | 0 | _uhttps://fll.law.cu.edu.eg/fulltext/bks/B10-11205.pdf |
| 905 | _a74 | ||
| 942 |
_2ddc _n0 _cBK _e21 |
||
| 999 |
_c75964 _d75964 |
||